Organic farms in the EU: status quo, development strategies and policy impacts on selected arable and dairy farms (Record no. 71683)
[ view plain ]
| 000 -LEADER | |
|---|---|
| fixed length control field | 01142cam a2200217 4500 |
| 001 - CONTROL NUMBER | |
| control field | ABS66181 |
| 008 - FIXED-LENGTH DATA ELEMENTS--GENERAL INFORMATION | |
| fixed length control field | 021202n2002 000 0 eng u |
| 035 ## - SYSTEM CONTROL NUMBER | |
| System control number | (Sirsi) u120633 |
| 100 ## - MAIN ENTRY--PERSONAL NAME | |
| Personal name | Haring, A |
| 245 ## - TITLE STATEMENT | |
| Title | Organic farms in the EU: status quo, development strategies and policy impacts on selected arable and dairy farms |
| 260 ## - PUBLICATION, DISTRIBUTION, ETC. | |
| Date of publication, distribution, etc. | 2002 |
| 490 ## - SERIES STATEMENT | |
| Series statement | Farm Management |
| Volume/sequential designation | 11(6) October 2002, 387-397(6) |
| 520 ## - SUMMARY, ETC. | |
| Summary, etc. | Organic farming is increasingly considered in the European Common Agricultural Policy, Sound evaluations of the effects of policy measures on organic farms in the EU are needed to face the challenges in future policy design. The effects of various policy scenarios on profitablity and development strategies of typical organic arable and dairy farms are analysed for the EU countries, Germany, Denmark, the United Kingdom and Italy. For each policy scenario potential farm adaption strategies are forecast. |
| 590 ## - LOCAL NOTE (RLIN) | |
| Local note | ABS |
| 650 ## - SUBJECT ADDED ENTRY--TOPICAL TERM | |
| Topical term or geographic name entry element | ORGANIC FARMING |
| 650 ## - SUBJECT ADDED ENTRY--TOPICAL TERM | |
| Topical term or geographic name entry element | COMMON AGRICULTURAL POLICY |
| 650 ## - SUBJECT ADDED ENTRY--TOPICAL TERM | |
| Topical term or geographic name entry element | DAIRY FARMS |
| 650 ## - SUBJECT ADDED ENTRY--TOPICAL TERM | |
| Topical term or geographic name entry element | ARABLE FARMS |
| 690 ## - LOCAL SUBJECT ADDED ENTRY--TOPICAL TERM (OCLC, RLIN) | |
| Topical term or geographic name as entry element | RURAL-AGRICULTURE AND FORESTRY |
| 942 ## - ADDED ENTRY ELEMENTS (KOHA) | |
| Suppress in OPAC | 0 |
| Withdrawn status | Lost status | Source of classification or shelving scheme | Damaged status | Not for loan | Home library | Current library | Shelving location | Date acquired | Total Checkouts | Full call number | Barcode | Date last seen | Copy number | Price effective from | Koha item type |
|---|---|---|---|---|---|---|---|---|---|---|---|---|---|---|---|
| Dewey Decimal Classification | London | London | Journal article | 02/12/2002 | ABS66181 | 120633-1001 | 06/08/2019 | 1 | 06/08/2019 | Journal article |